Govt. of
Madhya Pradesh

Letters To Emilie Schenkle 1934-1942 (Record no. 3369)

MARC details
000 -LEADER
fixed length control field 004810000a22001810004500
003 - CONTROL NUMBER IDENTIFIER
control field MACL
005 - DATE AND TIME OF LATEST TRANSACTION
control field 20150919172345.0
008 - FIXED-LENGTH DATA ELEMENTS--GENERAL INFORMATION
fixed length control field 150919b xxu||||| |||| 00| 0 eng d
040 ## - CATALOGING SOURCE
Original cataloging agency MACL
Transcribing agency MACL
041 ## - LANGUAGE CODE
Language code of text/sound track or separate title English
082 ## - DEWEY DECIMAL CLASSIFICATION NUMBER
Classification number 826/BOS
100 ## - MAIN ENTRY--PERSONAL NAME
Personal name Bose ,Sisir Kumar
9 (RLIN) 12163
245 ## - TITLE STATEMENT
Title Letters To Emilie Schenkle 1934-1942
Remainder of title Subhash Chandra Bose
260 ## - PUBLICATION, DISTRIBUTION, ETC. (IMPRINT)
Place of publication, distribution, etc. New Delhi
Name of publisher, distributor, etc. Oxford University Press
Date of publication, distribution, etc. 1994
350 ## - PRICE (NR) (BK AM CF MU VM SE) [OBSOLETE]
Price 250
650 ## - SUBJECT ADDED ENTRY--TOPICAL TERM
Topical term or geographic name as entry element Letters
9 (RLIN) 12164
942 ## - ADDED ENTRY ELEMENTS (KOHA)
Koha item type Books
Call number prefix 826
Source of classification or shelving scheme
Holdings
Withdrawn status Lost status Source of classification or shelving scheme Damaged status Not for loan Home library Current library Date acquired Cost, normal purchase price Total Checkouts Full call number Barcode Date last seen Uniform Resource Identifier Price effective from Koha item type
          MACL MACL 15/04/2015 250.00   826/BOS CRE008248 02/05/2024 3351 15/04/2015 Books